Harry Potter First Known Words - Statistics

General Stats
  • This quiz has been taken 290 times
  • The average score is 11 of 15
Answer Stats
Hint Answer % Correct
Gran, I've lost my toad again Neville Longbottom
94%
I'm not Fred, I'm George, honestly woman, you call yourself our mother?? Fred Weasley
92%
Lily, take Harry and go James Potter
91%
Packed with Muggles, of course Molly Weasley
88%
Potion making is one of the most complicated subjects you will learn at Hogwarts Severus Snape
88%
Good evenin' Professor Dumbledore, Professor McGonagall Rubeus Hagrid
84%
EXPECTO PATRONUM Remus Lupin
75%
Little tyke Vernon Dursley
68%
Hello, Hogwarts too? Draco Malfoy
66%
Almost Harry Potter
66%
I should have known Albus Dumbledore
64%
Need a hand? George Weasley
64%
He's at Hogwarts... He's at Hogwarts... Sirius Black
54%
Nine and three quarters! Ginny Weasley
47%
Robe me Voldemort
40%
No matching quizzes found
Score Distribution
Percent of People with Each Score
Percentile by Number Answered
Your Score History
You have not taken this quiz